书目信息 |
| 题名: |
涂料工艺
|
|
| 作者: | ;原燃料化学工业部涂料技术训练班 组织编写 | |
| 分册: | 第七分册 | |
| 出版信息: | 北京 石油化学工业出版社 1975 |
|
| 页数: | 173页 | |
| 开本: | 19cm | |
| 丛书名: | ||
| 单 册: | ||
| 中图分类: | TQ63 | |
| 科图分类: | ||
| 主题词: | 涂料--工艺 | |
| 电子资源: | ||
| ISBN: | ||
| 000 | 00687nam0 2200193 45 | |
| 001 | 0183008057 | |
| 005 | 20060417154010.32 | |
| 010 | @dCNY0.47 | |
| 100 | @a19960215d1975 em y0chiy0121 ea | |
| 101 | 0 | @achi |
| 105 | @ay z 000yy | |
| 200 | 10 | @a涂料工艺@Atu liao gong yi@h第七分册@f原燃料化学工业部涂料技术训练班组织编写@Fyuan ran liao hua xue gong ye bu tu liao ji shu xun lian ban zu zhi bian xie |
| 210 | @a北京@c石油化学工业出版社@d1975 | |
| 215 | @a173页@d19cm | |
| 606 | @a涂料@x工艺 | |
| 690 | @aTQ63@v3 | |
| 711 | 0 | @a原燃料化学工业部涂料技术训练班@Ayuan ran liao hua xue gong ye bu tu liao ji shu xun lian ban@4组织编写 |
| 801 | 0 | @aCN@bTSSF@c20060417 |
| 905 | @a10447@dTQ63@e1 | |
| 涂料工艺.第七分册/原燃料化学工业部涂料技术训练班组织编写.-北京:石油化学工业出版社,1975 |
| 173页;19cm |
| ISBN :CNY0.47 |
| ● |
| 相关链接 |
|
|
|
|
正题名:涂料工艺
索取号:TQ63/1
 
预约/预借
| 序号 | 登录号 | 条形码 | 馆藏地/架位号 | 状态 | 备注 |
| 1 | 0009045 | 001480150 | 密集书库/ [索取号:TQ63/1] | 在馆 |